[Event "Cheliabinsk Shusharin Memorial Rapid"]
[Site "Cheliabinsk"]
[Date "2023.11.15"]
[Round "2"]
[White "Lobanov, Sergei"]
[Black "Tsvetkov, Pavel"]
[Result "1/2-1/2"]
[WhiteElo "2516"]
[BlackElo "2195"]
[PlyCount "78"]
[EventDate "2023.11.15"]
[EventType "swiss (rapid)"]
[EventRounds "11"]
[EventCountry "RUS"]
[SourceTitle "CB47_2023"]
[SourceDate "2023.11.22"]
[SourceVersion "1"]
[SourceVersionDate "2023.11.22"]
[SourceQuality "1"]

1. d4 Nf6 2. c4 g6 3. Nc3 d5 4. cxd5 Nxd5 5. Bd2 Bg7 6. e4 Nb6 7. Nf3 Bg4 8. Be3 0-0 9. Be2 N8d7 10. 0-0 e5 11. d5 f5 12. Ng5 f4 13. Bxg4 Qxg5 14. Bd2 Nc5 15. Qe2 h5 16. Bh3 c6 17. b4 Ncd7 18. dxc6 bxc6 19. a4 Nf6 20. a5 Nbd7 21. Qc4+ Kh8 22. Qxc6 Rad8 23. Rad1 Nb8 24. Qb7 Ng4 25. Nd5 Qh4 26. f3 Nd7 27. Qxa7 Ndf6 28. Nxf6 Bxf6 29. Qb6 Qg5 30. Bc1 Rb8 31. Qd6 Be7 32. Qe6 Ne3 33. Bxe3 fxe3 34. Rfe1 Bxb4 35. Re2 Bd2 36. a6 Qf6 37. Qxf6+ Rxf6 38. Rexd2 exd2 39. Rxd2 Rxa6 1/2-1/2

[Event "Cheliabinsk Kurnosov Memorial Rapid"]
[Site "Cheliabinsk"]
[Date "2021.09.10"]
[Round "2"]
[White "Zvjaginsev, Vadim"]
[Black "Tsvetkov, Pavel"]
[Result "1-0"]
[WhiteElo "2603"]
[BlackElo "2225"]
[PlyCount "44"]
[EventDate "2021.09.10"]
[EventType "swiss (rapid)"]
[EventRounds "11"]
[EventCountry "RUS"]
[SourceTitle "CBM 204 Extra"]
[Source "ChessBase"]
[SourceDate "2021.11.30"]
[SourceVersion "1"]
[SourceVersionDate "2021.11.30"]
[SourceQuality "1"]

1. c4 Nf6 2. Nc3 d5 3. cxd5 Nxd5 4. g3 c6 5. Bg2 g6 6. Nf3 Bg7 7. 0-0 0-0 8. d4 Nd7 9. e4 Nxc3 10. bxc3 Qa5 11. Qc2 Nb6 12. a4 Re8 13. Nd2 e5 14. Nb3 Qa6 15. a5 Nc4 16. Re1 Be6 17. Nc5 Qb5 18. Bf1 Rad8 19. Nxe6 fxe6 20. Qa2 exd4 21. Bxc4 Qc5 22. cxd4 Bxd4 1-0

[Event "Satka Magnezit 120 op"]
[Site "Satka"]
[Date "2021.07.12"]
[Round "9"]
[White "Kanter, Eduard"]
[Black "Tsvetkov, Pavel"]
[Result "1/2-1/2"]
[WhiteElo "2373"]
[BlackElo "2234"]
[PlyCount "104"]
[EventDate "2021.07.06"]
[EventType "swiss"]
[EventRounds "9"]
[EventCountry "RUS"]
[SourceTitle "CBM 203 Extra"]
[Source "ChessBase"]
[SourceDate "2021.09.30"]
[SourceVersion "1"]
[SourceVersionDate "2021.09.30"]
[SourceQuality "1"]

1. d4 Nf6 2. c4 g6 3. Nc3 d5 4. cxd5 Nxd5 5. e4 Nxc3 6. bxc3 Bg7 7. Nf3 c5 8. Rb1 0-0 9. Be2 Qc7 10. 0-0 b6 11. Bg5 Rd8 12. Qd2 Bg4 13. d5 Nc6 14. Qf4 Qxf4 15. Bxf4 Ne5 16. c4 h6 17. Bxe5 Bxf3 18. Bxf3 Bxe5 19. Bg4 Bd4 20. g3 Rd6 21. Rbe1 Rb8 22. a4 a6 23. Rb1 e5 24. Rb3 Rf8 25. Rfb1 f5 26. exf5 gxf5 27. Bh3 Rff6 28. Rf3 f4 29. Be6+ Kf8 30. Kf1 Ke7 31. Ke2 Kd8 32. Kd3 Bxf2 33. Rxf2 Rfxe6 34. gxf4 exf4 35. Rxf4 Rf6 36. Rxf6 Rxf6 37. Ke4 Rg6 38. Kf5 Rg5+ 39. Ke6 Rg6+ 40. Kf7 Rg4 41. Rxb6 Kd7 42. Rxh6 Rxc4 43. Rxa6 Rh4 44. Rc6 Rxh2 45. Rxc5 Rf2+ 46. Kg6 Kd6 47. Rb5 Rd2 48. a5 Rxd5 49. Rxd5+ Kxd5 50. a6 Kc6 51. a7 Kb7 52. a8B+ Kxa8 1/2-1/2

[Event "Cheliabinsk Lozovatsky Memorial-B"]
[Site "Cheliabinsk"]
[Date "2020.01.22"]
[Round "8"]
[White "Somkin, Kirill"]
[Black "Tsvetkov, Pavel"]
[Result "0-1"]
[WhiteElo "2121"]
[BlackElo "2190"]
[PlyCount "112"]
[EventDate "2020.01.15"]
[EventType "tourn"]
[EventRounds "9"]
[EventCountry "RUS"]
[EventCategory "3"]
[SourceTitle "CBM 194 Extra"]
[Source "ChessBase"]
[SourceDate "2020.03.31"]
[SourceVersion "1"]
[SourceVersionDate "2020.03.31"]
[SourceQuality "1"]

1. e4 e5 2. Nc3 Nc6 3. Bc4 Nf6 4. d3 h6 5. a3 d6 6. Nge2 g5 7. Ng3 Bg4 8. f3 Be6 9. Be3 Qd7 10. Qd2 0-0-0 11. Nd5 Bg7 12. 0-0-0 Kb8 13. h4 gxh4 14. Rxh4 Bxd5 15. exd5 Ne7 16. Rdh1 Rhg8 17. Nh5 Nf5 18. Bxa7+ Kxa7 19. Qa5+ Kb8 20. Bb5 c6 21. Ra4 Nxd5 22. Bxc6 Qxc6 23. Qa7+ Kc7 24. Rc4 Nb6 25. Rxc6+ Kxc6 26. Qa5 Nd4 27. Qc3+ Kd7 28. Qb4 Kc7 29. c3 Nc6 30. Qh4 Bf8 31. Qf2 Be7 32. Ng3 Nd5 33. Kc2 Rg5 34. Nf1 Rdg8 35. g3 h5 36. Kb1 f5 37. c4 Nf6 38. Rh2 f4 39. gxf4 exf4 40. b4 Rg1 41. Ka2 h4 42. Kb3 Nd7 43. Nd2 Bf6 44. Ne4 Rb1+ 45. Ka2 Ra1+ 46. Kb3 Bd4 47. Qxh4 Rb1+ 48. Ka2 Rgg1 49. c5 d5 50. Qxf4+ Be5 51. Qd2 Ra1+ 52. Kb3 Rgb1+ 53. Ka4 dxe4 54. Rh7 e3 55. b5 exd2 56. b6+ Kc8 0-1

[Event "RUS-chT U20"]
[Site "Kolomna"]
[Date "2014.08.09"]
[Round "8"]
[White "Tsvetkov, Pavel"]
[Black "Panov, Maksim"]
[Result "1-0"]
[WhiteElo "2132"]
[BlackElo "2187"]
[PlyCount "67"]
[EventDate "2014.08.02"]
[EventType "swiss"]
[EventRounds "9"]
[EventCountry "RUS"]
[SourceTitle "EXT 2016"]
[Source "ChessBase"]
[SourceDate "2015.10.08"]
[SourceVersion "1"]
[SourceVersionDate "2015.10.08"]
[SourceQuality "1"]

1. e4 g6 2. h4 h5 3. Nf3 Bg7 4. d4 d6 5. Ng5 c5 6. Qf3 Nh6 7. d5 Nd7 8. Be2 Nf6 9. Qg3 Qc7 10. 0-0 Bd7 11. c4 0-0-0 12. Nc3 Nfg4 13. Bf4 Kb8 14. Rab1 f6 15. Ne6 Bxe6 16. dxe6 g5 17. hxg5 fxg5 18. Bxg5 h4 19. Qh3 Bxc3 20. bxc3 Rdg8 21. f4 Nf6 22. Bf3 Ne8 23. a4 Qa5 24. e5 b6 25. Bc6 dxe5 26. Rfd1 Nc7 27. Rd7 e4 28. Bxe4 Qxa4 29. Qd3 Ng4 30. Rd1 a5 31. Rb1 h3 32. Rxb6+ Ka7 33. Rb7+ Ka6 34. Rd6+ 1-0

[Event "RUS-chT U20"]
[Site "Kolomna"]
[Date "2014.08.07"]
[Round "6"]
[White "Tsvetkov, Pavel"]
[Black "Ter Saakian, Grigorii"]
[Result "0-1"]
[WhiteElo "2132"]
[BlackElo "1771"]
[PlyCount "120"]
[EventDate "2014.08.02"]
[EventType "swiss"]
[EventRounds "9"]
[EventCountry "RUS"]
[SourceTitle "EXT 2016"]
[Source "ChessBase"]
[SourceDate "2015.10.08"]
[SourceVersion "1"]
[SourceVersionDate "2015.10.08"]
[SourceQuality "1"]

1. e4 c5 2. Nf3 Nc6 3. d4 cxd4 4. Nxd4 e5 5. Nxc6 dxc6 6. Bd3 Nf6 7. 0-0 Be7 8. f4 Ng4 9. Qf3 exf4 10. Bxf4 0-0 11. h3 Qd4+ 12. Kh1 Ne5 13. Qg3 Ng6 14. Bd2 Bd6 15. Qg5 Qe5 16. Qxe5 Nxe5 17. Nc3 Be6 18. Ne2 Bc4 19. Nf4 Nxd3 20. Nxd3 Bxd3 21. cxd3 Rfd8 22. Rf3 Be5 23. Bc3 Bd4 24. g4 Rd7 25. Kg2 Rad8 26. Rd1 c5 27. Kf1 Re8 28. Ke2 Bxc3 29. bxc3 c4 30. Rf4 cxd3+ 31. Rxd3 Rxd3 32. Kxd3 Rd8+ 33. Kc4 Rc8+ 34. Kb4 g6 35. g5 Kg7 36. a4 Rd8 37. c4 Rd6 38. a5 Rd1 39. a6 b6 40. Kb5 Ra1 41. e5 Ra5+ 42. Kc6 Rxa6 43. Kb7 Ra4 44. Rg4 h5 45. Rd4 Kf8 46. Kc6 Ke7 47. Kd5 Ra3 48. h4 Ra5+ 49. Ke4 Ra4 50. Kd5 Ra5+ 51. Ke4 Rc5 52. Kf4 a6 53. Ke4 b5 54. cxb5 axb5 55. Rd1 Rc4+ 56. Kd3 Rxh4 57. Rb1 b4 58. Ra1 Rg4 59. Ra7+ Kf8 60. Ra8+ Kg7 0-1

[Event "RUS-chT U20"]
[Site "Kolomna"]
[Date "2014.08.02"]
[Round "1"]
[White "Tsvetkov, Pavel"]
[Black "Gordievsky, Dmitry"]
[Result "0-1"]
[WhiteElo "2132"]
[BlackElo "2439"]
[PlyCount "102"]
[EventDate "2014.08.02"]
[EventType "swiss"]
[EventRounds "9"]
[EventCountry "RUS"]
[SourceTitle "EXT 2016"]
[Source "ChessBase"]
[SourceDate "2015.10.08"]
[SourceVersion "1"]
[SourceVersionDate "2015.10.08"]
[SourceQuality "1"]

1. e4 c5 2. Nf3 d6 3. d4 cxd4 4. Nxd4 Nf6 5. Nc3 a6 6. Bg5 Nbd7 7. Qf3 Qa5 8. Bh4 g6 9. 0-0-0 Bg7 10. Bc4 Ne5 11. Qe2 Nxc4 12. Qxc4 0-0 13. Bxf6 Bxf6 14. Nd5 Bg7 15. Nxe7+ Kh8 16. Kb1 Be6 17. Nxe6 fxe6 18. Rxd6 Qe5 19. Rb6 Rae8 20. Nxg6+ hxg6 21. f3 Re7 22. h4 Rd8 23. a3 Rd6 24. Qc8+ Kh7 25. Rb3 Rc6 26. Qd8 Qc7 27. Qxc7 Rexc7 28. c3 Rd6 29. f4 Bh6 30. Rf1 Rf7 31. g3 Rd3 32. Rg1 Bf8 33. Kc2 Re3 34. e5 Bc5 35. Rg2 b6 36. c4 Rxb3 37. Kxb3 Rd7 38. Kc2 a5 39. Rh2 Kh6 40. Kc3 Kh5 41. b4 Be7 42. c5 axb4+ 43. axb4 bxc5 44. b5 Kg4 45. Rg2 Rb7 46. Kc4 Kf3 47. Ra2 Kxg3 48. Ra6 Kxf4 49. Rxe6 Kf5 50. Ra6 Bxh4 51. Kxc5 Bf2+ 0-1

[Event "Satka Summer op"]
[Site "Satka"]
[Date "2014.07.08"]
[Round "8"]
[White "Imashev, Ildar"]
[Black "Tsvetkov, Pavel"]
[Result "1-0"]
[WhiteElo "2259"]
[BlackElo "2132"]
[PlyCount "45"]
[EventDate "2014.07.02"]
[EventType "swiss"]
[EventRounds "9"]
[EventCountry "RUS"]
[SourceTitle "CBM 161 Extra"]
[Source "ChessBase"]
[SourceDate "2014.08.29"]
[SourceVersion "1"]
[SourceVersionDate "2014.08.29"]
[SourceQuality "1"]

1. e4 e5 2. Nf3 Nc6 3. Bb5 a6 4. Ba4 Nf6 5. 0-0 b5 6. Bb3 Bc5 7. a4 Rb8 8. axb5 axb5 9. Nxe5 Nxe5 10. d4 Qe7 11. dxc5 Qxc5 12. Be3 Qe7 13. Ba7 Rb7 14. Bd4 c5 15. Bxe5 Qxe5 16. f4 Qxb2 17. Ra8 0-0 18. e5 c4 19. Ra2 Qxa2 20. Bxa2 Ne8 21. Nc3 Ra7 22. Qd4 Ra3 23. Nd5 1-0

[Event "Satka Summer op"]
[Site "Satka"]
[Date "2014.07.02"]
[Round "1"]
[White "Sobol, Sergei"]
[Black "Tsvetkov, Pavel"]
[Result "0-1"]
[WhiteElo "1743"]
[BlackElo "2132"]
[PlyCount "108"]
[EventDate "2014.07.02"]
[EventType "swiss"]
[EventRounds "9"]
[EventCountry "RUS"]
[SourceTitle "CBM 161 Extra"]
[Source "ChessBase"]
[SourceDate "2014.08.29"]
[SourceVersion "1"]
[SourceVersionDate "2014.08.29"]
[SourceQuality "1"]

1. g3 d5 2. Bg2 h5 3. h4 e5 4. d3 Bg4 5. c4 c6 6. cxd5 cxd5 7. Qb3 Nf6 8. Nc3 Nc6 9. Nxd5 Nxd5 10. Bxd5 Bb4+ 11. Kf1 Qe7 12. Bg5 f6 13. Be3 Na5 14. Qc2 Rc8 15. Qd1 Qd7 16. Bf3 0-0 17. a3 Be7 18. b4 Nc6 19. Qb3+ Kh8 20. Bxc6 Qxc6 21. f3 Be6 22. Qd1 f5 23. Nh3 Bd5 24. Rg1 Qd7 25. f4 Bf6 26. Rc1 Rxc1 27. Bxc1 Rc8 28. Kf2 Bc6 29. fxe5 Bxe5 30. e3 g6 31. Nf4 Kh7 32. Qe2 Ba4 33. d4 Rc2 34. Bd2 Bxf4 35. gxf4 Bc6 36. Rc1 Ra2 37. Kg3 Qd5 38. Rd1 a6 39. Qf1 Ba4 40. Qe1 Bxd1 41. Qxd1 Qc4 42. Kf2 Qd3 43. Ke1 Rb2 44. Bc1 Qxd1+ 45. Kxd1 Rh2 46. d5 Kg7 47. Bd2 Kf7 48. Bc3 Ke7 49. Be5 Kd7 50. a4 Rxh4 51. Kd2 Rh1 52. Kc3 h4 53. Kc4 h3 54. e4 Rd1 0-1

[Event "Urals-ch 72nd"]
[Site "Tiumen"]
[Date "2014.03.27"]
[Round "8"]
[White "Postnikov, Daniil"]
[Black "Tsvetkov, Pavel"]
[Result "0-1"]
[WhiteElo "2274"]
[BlackElo "2144"]
[PlyCount "106"]
[EventDate "2014.03.20"]
[EventType "swiss"]
[EventRounds "9"]
[EventCountry "RUS"]
[SourceTitle "CBM 159 Extra"]
[Source "ChessBase"]
[SourceDate "2014.04.24"]
[SourceVersion "1"]
[SourceVersionDate "2014.04.24"]
[SourceQuality "1"]

1. e4 e5 2. Nf3 Nc6 3. Nc3 g6 4. d4 exd4 5. Nxd4 Bg7 6. Be3 Nge7 7. Qd2 d5 8. Nxc6 bxc6 9. 0-0-0 0-0 10. exd5 Nxd5 11. Nxd5 cxd5 12. Qxd5 Qf6 13. Qd4 Qf5 14. Qc5 Rb8 15. c3 Qe4 16. Rd4 Bxd4 17. Qxd4 Qxd4 18. Bxd4 Re8 19. Bd3 Bf5 20. Ba6 Re6 21. Bc4 Re4 22. f3 Ree8 23. Ba6 Bc8 24. Bd3 a5 25. b3 Be6 26. Kb2 Red8 27. Be4 a4 28. Bc2 f6 29. g4 Kf7 30. h4 Rd5 31. Rh2 Rdb5 32. Bd3 Ra5 33. c4 Ra6 34. Kc3 Rd8 35. Bc2 axb3 36. axb3 Ra5 37. g5 Bf5 38. Bxf6 Re8 39. Be4 Bxe4 40. fxe4 Rxe4 41. h5 c5 42. hxg6+ Kxg6 43. Kd3 Rf4 44. Be7 Rg4 45. Rh6+ Kg7 46. Rb6 Kf7 47. Rb7 Ke6 48. Ke3 Kf5 49. Rb6 Rg3+ 50. Kf2 Kg4 51. b4 Ra2+ 52. Kf1 Rf3+ 53. Kg1 Re3 0-1

[Event "Urals-ch 72nd"]
[Site "Tiumen"]
[Date "2014.03.22"]
[Round "3"]
[White "Tsvetkov, Pavel"]
[Black "Soloviov, Vitalii"]
[Result "1-0"]
[WhiteElo "2144"]
[BlackElo "1878"]
[PlyCount "103"]
[EventDate "2014.03.20"]
[EventType "swiss"]
[EventRounds "9"]
[EventCountry "RUS"]
[SourceTitle "CBM 159 Extra"]
[Source "ChessBase"]
[SourceDate "2014.04.24"]
[SourceVersion "1"]
[SourceVersionDate "2014.04.24"]
[SourceQuality "1"]

1. e4 c5 2. Nf3 d6 3. d4 cxd4 4. Qxd4 a6 5. Be3 Nc6 6. Qd2 e6 7. Nc3 Be7 8. Na4 Qa5 9. Qxa5 Nxa5 10. Nb6 Rb8 11. 0-0-0 Nf6 12. e5 dxe5 13. Nxe5 0-0 14. Be2 Bd8 15. Bf3 Bc7 16. Ned7 Bxd7 17. Nxd7 Nxd7 18. Rxd7 Be5 19. Ba7 Ra8 20. Bc5 Rfc8 21. b4 Bf4+ 22. Kb1 Rab8 23. Rhd1 Bg5 24. Bd6 Nc6 25. Bxb8 Rxb8 26. c3 Nd8 27. Kb2 Kf8 28. c4 Ke8 29. Kb3 a5 30. a3 b6 31. Ra7 axb4 32. axb4 e5 33. Ra8 Rxa8 34. Bxa8 Ne6 35. Rd6 Nd4+ 36. Ka4 Bd8 37. Bc6+ Nxc6 38. Rxc6 Kd7 39. Kb5 f5 40. c5 bxc5 41. bxc5 Bc7 42. Ra6 e4 43. Ra2 Bxh2 44. c6+ Kc8 45. g3 e3 46. Kb6 Kd8 47. c7+ Kd7 48. Kb7 exf2 49. c8Q+ Ke7 50. Re2+ Kf6 51. Qd8+ Kg6 52. Re6+ 1-0

[Event "Satka Summer op"]
[Site "Satka"]
[Date "2013.07.09"]
[Round "9"]
[White "Litvinenko, Ekaterina"]
[Black "Tsvetkov, Pavel"]
[Result "0-1"]
[WhiteElo "1933"]
[BlackElo "2123"]
[PlyCount "62"]
[EventDate "2013.07.02"]
[EventType "swiss"]
[EventRounds "9"]
[EventCountry "RUS"]
[SourceTitle "EXT 2014"]
[Source "ChessBase"]
[SourceDate "2013.11.20"]
[SourceVersion "1"]
[SourceVersionDate "2013.11.20"]
[SourceQuality "1"]

1. e4 e5 2. Nf3 Nc6 3. Bc4 Nf6 4. d3 h6 5. c3 d6 6. Nbd2 g6 7. Nf1 Nh5 8. Ne3 Bg7 9. Bb3 0-0 10. h3 Kh7 11. Nd5 Ne7 12. Be3 a5 13. a3 Nxd5 14. Bxd5 Be6 15. Bb3 Qe8 16. Bc2 Qb5 17. b4 axb4 18. axb4 Nf4 19. 0-0 Rxa1 20. Qxa1 Nxd3 21. Qa7 Nf4 22. Bxf4 exf4 23. Nd4 Bxd4 24. Qxd4 f3 25. g4 h5 26. e5 hxg4 27. hxg4 Qxe5 28. Qxe5 dxe5 29. Re1 Bxg4 30. Rxe5 Rd8 31. Rg5 f5 0-1

[Event "Satka Summer op"]
[Site "Satka"]
[Date "2013.07.07"]
[Round "6"]
[White "Khafizova, Yana"]
[Black "Tsvetkov, Pavel"]
[Result "1-0"]
[WhiteElo "1938"]
[BlackElo "2123"]
[PlyCount "67"]
[EventDate "2013.07.02"]
[EventType "swiss"]
[EventRounds "9"]
[EventCountry "RUS"]
[SourceTitle "EXT 2014"]
[Source "ChessBase"]
[SourceDate "2013.11.20"]
[SourceVersion "1"]
[SourceVersionDate "2013.11.20"]
[SourceQuality "1"]

1. d4 Nf6 2. c4 c5 3. d5 b5 4. cxb5 a6 5. b6 g6 6. Nc3 Bg7 7. g3 d6 8. Bg2 Nbd7 9. Nf3 0-0 10. 0-0 Nxb6 11. Re1 Rb8 12. Nd2 e6 13. e4 exd5 14. exd5 Bf5 15. Nb3 Qd7 16. Bf4 Rfe8 17. Na5 Ng4 18. Nc6 Rxe1+ 19. Qxe1 Re8 20. Qd1 Ne5 21. Bxe5 Bxe5 22. Qb3 Qc7 23. Re1 Bd7 24. Nxe5 Rxe5 25. Rxe5 dxe5 26. Ne4 Bf5 27. Nf6+ Kf8 28. g4 Ke7 29. d6+ Qxd6 30. Qxb6 Qd1+ 31. Bf1 Bd3 32. Nd5+ Kf8 33. Qd8+ Kg7 34. Ne3 1-0

[Event "Satka Summer op"]
[Site "Satka"]
[Date "2013.07.04"]
[Round "3"]
[White "Looshnikov, Nikolai"]
[Black "Tsvetkov, Pavel"]
[Result "1-0"]
[WhiteElo "2491"]
[BlackElo "2123"]
[PlyCount "35"]
[EventDate "2013.07.02"]
[EventType "swiss"]
[EventRounds "9"]
[EventCountry "RUS"]
[SourceTitle "EXT 2014"]
[Source "ChessBase"]
[SourceDate "2013.11.20"]
[SourceVersion "1"]
[SourceVersionDate "2013.11.20"]
[SourceQuality "1"]

1. d4 Nf6 2. Nf3 g6 3. Bg5 Ne4 4. Bf4 c5 5. Nbd2 d5 6. e3 Nc6 7. c3 Bf5 8. Nxe4 Bxe4 9. dxc5 Bg7 10. Qb3 0-0 11. Nd2 Bf5 12. Be2 e5 13. Bg3 d4 14. Qxb7 dxe3 15. fxe3 Qd5 16. e4 Bxe4 17. c4 Qxc5 18. Bf2 1-0

[Event "Satka"]
[Site "Satka"]
[Date "2012.08.23"]
[Round "7"]
[White "Shcherbakov, Ruslan"]
[Black "Tsvetkov, Pavel"]
[Result "1-0"]
[WhiteElo "2507"]
[BlackElo "2141"]
[PlyCount "107"]
[EventDate "2012.08.17"]
[EventType "tourn"]
[EventRounds "9"]
[EventCountry "RUS"]
[SourceTitle "CBM 150 Extra"]
[Source "ChessBase"]
[SourceDate "2012.10.19"]
[SourceVersion "1"]
[SourceVersionDate "2012.10.19"]
[SourceQuality "1"]

1. Nf3 Nf6 2. c4 g6 3. Nc3 d5 4. cxd5 Nxd5 5. g3 Nb6 6. Bg2 Bg7 7. d3 0-0 8. 0-0 Na6 9. Bd2 c6 10. Qc1 e5 11. Bh6 Re8 12. Bxg7 Kxg7 13. Rb1 Nc7 14. b4 Nbd5 15. a4 f6 16. Ne4 Qe7 17. Qb2 a5 18. bxa5 Rxa5 19. Ra1 Na6 20. Nfd2 Nc5 21. Nc4 Rxa4 22. Ned6 Rd8 23. Rxa4 Nxa4 24. Qa3 Qd7 25. Qxa4 b5 26. Qa5 bxc4 27. Nxc4 Qc7 28. Rc1 Be6 29. Qxc7+ Nxc7 30. Na5 Nb5 31. Nxc6 Rc8 32. Ra1 Nc3 33. e3 Bd5 34. Bxd5 Nxd5 35. Ra6 Rc7 36. d4 exd4 37. Nxd4 Re7 38. Ra3 f5 39. Kg2 Nf6 40. h3 Rb7 41. Rb3 Ra7 42. Rb2 Kf7 43. Kf3 Ne4 44. g4 Ng5+ 45. Kg3 fxg4 46. hxg4 Ne4+ 47. Kf3 Ng5+ 48. Kg2 Ne4 49. f3 Nf6 50. Rb5 Re7 51. Kf2 h5 52. g5 Ne8 53. Nc6 Rc7 54. Ne5+ 1-0

[Event "Satka"]
[Site "Satka"]
[Date "2012.08.19"]
[Round "3"]
[White "Saduakassova, Dinara"]
[Black "Tsvetkov, Pavel"]
[Result "1-0"]
[WhiteElo "2216"]
[BlackElo "2141"]
[PlyCount "71"]
[EventDate "2012.08.17"]
[EventType "tourn"]
[EventRounds "9"]
[EventCountry "RUS"]
[SourceTitle "CBM 150 Extra"]
[Source "ChessBase"]
[SourceDate "2012.10.19"]
[SourceVersion "1"]
[SourceVersionDate "2012.10.19"]
[SourceQuality "1"]

1. Nf3 Nf6 2. c4 g6 3. Nc3 d5 4. cxd5 Nxd5 5. g3 Nb6 6. Bg2 Bg7 7. 0-0 0-0 8. d3 Nc6 9. Be3 Be6 10. Qd2 Qd7 11. Ne4 Bh3 12. Nc5 Qc8 13. Rac1 Bxg2 14. Kxg2 Rd8 15. Bh6 Bh8 16. Qc2 Nd4 17. Nxd4 Rxd4 18. Bg5 Rd5 19. h4 e5 20. Ne4 f5 21. Qb3 Qe6 22. Nc5 Qf7 23. e4 Rd4 24. Qxf7+ Kxf7 25. Nxb7 Rxd3 26. Rxc7+ Rd7 27. Rxd7+ Nxd7 28. Rd1 Nf6 29. exf5 gxf5 30. Rd8 Rxd8 31. Nxd8+ Ke8 32. Nc6 Nd5 33. Nxa7 e4 34. b3 Nc3 35. a4 Kd7 36. Nb5 1-0

[Event "Izhevsk Corporation Cup-A 4th"]
[Site "Izhevsk"]
[Date "2012.07.16"]
[Round "2"]
[White "Mikhailov, Vladimir1111"]
[Black "Tsvetkov, Pavel"]
[Result "0-1"]
[WhiteElo "1860"]
[BlackElo "2136"]
[PlyCount "58"]
[EventDate "2012.07.15"]
[EventType "swiss"]
[EventRounds "9"]
[EventCountry "RUS"]
[SourceTitle "EXT 2013"]
[Source "ChessBase"]
[SourceDate "2012.11.22"]
[SourceVersion "1"]
[SourceVersionDate "2012.11.22"]
[SourceQuality "1"]

1. e4 e5 2. Nf3 Nc6 3. Bb5 a6 4. Ba4 Nf6 5. 0-0 b5 6. Bb3 Bc5 7. Nxe5 Nxe5 8. d4 Bxd4 9. Qxd4 d6 10. c3 0-0 11. f3 Be6 12. Bc2 c5 13. Qd1 Qb6 14. b3 Rad8 15. Qe2 Nc6 16. Be3 d5 17. Bf2 dxe4 18. fxe4 Ng4 19. b4 Nxf2 20. Qxf2 Ne5 21. Qxc5 Qxc5+ 22. bxc5 Nc4 23. Bb3 Ne3 24. Rc1 Rd3 25. Kf2 Rfd8 26. h3 g5 27. Ke2 Nxg2 28. Bxe6 fxe6 29. Rh1 Nf4+ 0-1

[Event "Satka Metallurg op"]
[Site "Satka"]
[Date "2012.07.06"]
[Round "5"]
[White "Khazhipov, Timur"]
[Black "Tsvetkov, Pavel"]
[Result "0-1"]
[WhiteElo "2085"]
[BlackElo "2136"]
[PlyCount "42"]
[EventDate "2012.07.02"]
[EventType "swiss"]
[EventRounds "9"]
[EventCountry "RUS"]
[SourceTitle "EXT 2013"]
[Source "ChessBase"]
[SourceDate "2012.11.22"]
[SourceVersion "1"]
[SourceVersionDate "2012.11.22"]
[SourceQuality "1"]

1. e4 e5 2. Nf3 Nc6 3. Bc4 Nf6 4. d3 h6 5. Nc3 g6 6. h3 Bg7 7. 0-0 0-0 8. Nh2 Nh5 9. a3 d6 10. g4 Nf4 11. Bxf4 exf4 12. Nf3 h5 13. gxh5 Bxh3 14. hxg6 Nd4 15. gxf7+ Kh7 16. Nb1 Qf6 17. Kh2 Bxf1 18. Nxd4 Qh4+ 19. Kg1 Bxd4 20. Qxf1 f3 21. Be6 Kg7 0-1

[Event "Satka Metallurg op"]
[Site "Satka"]
[Date "2012.07.05"]
[Round "4"]
[White "Tsvetkov, Pavel"]
[Black "Looshnikov, Nikolai"]
[Result "0-1"]
[WhiteElo "2136"]
[BlackElo "2484"]
[PlyCount "70"]
[EventDate "2012.07.02"]
[EventType "swiss"]
[EventRounds "9"]
[EventCountry "RUS"]
[SourceTitle "EXT 2013"]
[Source "ChessBase"]
[SourceDate "2012.11.22"]
[SourceVersion "1"]
[SourceVersionDate "2012.11.22"]
[SourceQuality "1"]

1. e4 c5 2. Nf3 Nc6 3. Bb5 g6 4. 0-0 Bg7 5. Re1 Nf6 6. e5 Nd5 7. Nc3 Nc7 8. Bxc6 dxc6 9. Ne4 b6 10. Nf6+ Kf8 11. Ne4 Bg4 12. d3 Ne6 13. Ned2 Bh5 14. h3 g5 15. g4 Bg6 16. Ne4 h6 17. h4 Qd5 18. hxg5 h5 19. c4 Qd7 20. Nf6 Qxd3 21. gxh5 Qxd1 22. Rxd1 exf6 23. hxg6 fxe5 24. gxf7 e4 25. Re1 exf3 26. Rxe6 Kxf7 27. Re3 Rh3 28. g6+ Kxg6 29. Re4 Rah8 30. Rg4+ Kf5 31. Rg5+ Ke4 32. Kf1 Rh1+ 33. Rg1 Rxg1+ 34. Kxg1 Rg8 35. Kf1 Be5 0-1

[Event "Satka Metallurg op"]
[Site "Satka"]
[Date "2012.07.02"]
[Round "1"]
[White "Tsvetkov, Pavel"]
[Black "Buldakova, Irina"]
[Result "1-0"]
[WhiteElo "2136"]
[BlackElo "1782"]
[PlyCount "47"]
[EventDate "2012.07.02"]
[EventType "swiss"]
[EventRounds "9"]
[EventCountry "RUS"]
[SourceTitle "EXT 2013"]
[Source "ChessBase"]
[SourceDate "2012.11.22"]
[SourceVersion "1"]
[SourceVersionDate "2012.11.22"]
[SourceQuality "1"]

1. e4 c5 2. Nf3 e6 3. d4 cxd4 4. Nxd4 Nf6 5. Nc3 d6 6. Bg5 Be7 7. f4 Nbd7 8. Qf3 a6 9. 0-0-0 Qc7 10. g4 Nc5 11. e5 dxe5 12. fxe5 Nfd7 13. Bxe7 Kxe7 14. Nf5+ Kf8 15. Nd6 Nxe5 16. Qf2 Nxg4 17. Qg3 Nf6 18. Rg1 Rg8 19. Be2 Bd7 20. Rdf1 Qd8 21. b4 Na4 22. Nce4 Ke7 23. Qg5 h6 24. Rxf6 1-0